00391nam a2200181Ia 4500003000400000005001700004006001900021007000300040008004100043024001000084037001200094040002000106041001300126082001600139100002000155245002500175260000900200OSt20220928144604.0a|||||r|||| 00| 0 ta220927b |||||||| |||| 00| 0 eng d a72288 cTextual aSDCLcSDCLbeng 2engaeng aV2y7N24, N8 aDandavate Madhu 0aQuest of conscience. c1998